Países con 'N' - Estadísticas

Estadísticas generales
  • Esta prueba ha sido intentada 39 veces
  • La puntuación promedio es 6 de 8
Estadísticas de respuestas
País % Correcto
Níger
79%
Nicaragua
76%
Nigeria
76%
Nepal
72%
Nauru
69%
Noruega
69%
Nueva Zelanda
69%
Namibia
62%
No se encontraron pruebas coincidentes
Distribución de puntuación
Porcentaje de gente con cada puntuación
Porcentaje por número respondido
Historial de tus puntuaciones
No has intentado esta prueba.